The Europa world year book 2011 / (Record no. 68824)
[ view plain ]
| 000 -LEADER | |
|---|---|
| fixed length control field | 01162nam a22002537a 4500 |
| 005 - DATE AND TIME OF LATEST TRANSACTION | |
| control field | 2012080101371.0 |
| 010 ## - LCCN (DPL NO) | |
| LC control number | B-475606-607 |
| 020 ## - INTERNATIONAL STANDARD BOOK NUMBER | |
| International Standard Book Number | 9781857435900 (v.1) |
| 020 ## - INTERNATIONAL STANDARD BOOK NUMBER | |
| International Standard Book Number | 9781857435917 (v.2) |
| 020 ## - INTERNATIONAL STANDARD BOOK NUMBER | |
| International Standard Book Number | 9781857435894 (set of 2 vols.) |
| Terms of availability | BP 840.00 Rs. 69300.00 |
| 035 ## - SYSTEM CONTROL NUMBER | |
| System control number | B-475606-607 |
| 037 ## - SOURCE OF ACQUISITION | |
| Stock number | dpl |
| Source of stock number/acquisition | RBC |
| 082 ## - DEWEY DECIMAL CLASSIFICATION NUMBER | |
| Classification number | 050 |
| 245 ## - TITLE STATEMENT | |
| Title | The Europa world year book 2011 / |
| Statement of responsibility, etc | edited by Paul Kelly |
| 250 ## - EDITION STATEMENT | |
| Edition statement | 52nd ed. |
| 260 ## - PUBLICATION, DISTRIBUTION, ETC. (IMPRINT) | |
| Place of publication, distribution, etc | London |
| Name of publisher, distributor, etc | Routledge |
| Date of publication, distribution, etc | 2011 |
| 300 ## - PHYSICAL DESCRIPTION | |
| Extent | 2v, (xiv, 2570p. ; xiv, 5129p.) |
| Dimensions | 28 cm. (Hb) |
| 500 ## - GENERAL NOTE | |
| General note | It includes index |
| 505 ## - FORMATTED CONTENTS NOTE | |
| Formatted contents note | v.1-- International organizations; Countries : Afghanistan - Jordan. v.2-- Countries : Kazakhstan - Zimbabwe. |
| 942 ## - ADDED ENTRY ELEMENTS (KOHA) | |
| Source of classification or shelving scheme | Dewey Decimal Classification |
| Item type | English Books |
| Classification part | 050 |
| Call number suffix | EUR |
| Withdrawn status | Lost status | Materials specified (bound volume or other part) | Not for loan | Collection code | Home library | Current library | Date acquired | Source of acquisition | Cost, normal purchase price | Full call number | Barcode | Copy number | Cost, replacement price | Koha item type |
|---|---|---|---|---|---|---|---|---|---|---|---|---|---|---|
| v.1 | Not For Loan | Reference | Central Library | Central Library | 06/08/2012 | RBC/28330/23.03.2012/7/22.02.2012/30.3.2012 | 69.00 | 050 EUR | B-475606 | 1 | 69.00 | English Books | ||
| v.2 | Not For Loan | Reference | Central Library | Central Library | 06/08/2012 | RBC/28330/23.03.2012/7/22.02.2012/30.3.2012 | 69.00 | 050 EUR | B-475607 | 1 | 69.00 | English Books |
